000 00719nam2a2200205 4500
001 RU\NLR\PER_A\011304834_000130
005 20250626064609.0
035 _a(NLR Aleph) 011433547
090 _a11665053
_c11665053
100 _a20170706d2017 |||y0rusy50 ca
101 0 _arus
102 _aRU
200 0 _a2017, № 5 (7)
210 _d2017
_aБ. м.
461 0 _1001RU\NLR\Per\1279972
_12001#$aСанта Барбара. Кухня$eжурнал$fТолока$v2017, № 5 (7)
_910990850
_cСмоленск
_d2016 -
_fТолока
_nТолока
_oжурнал
_tСанта Барбара. Кухня
_x2500-3941
_v2017, № 5 (7)
852 _aNLR
_jП11/6163
942 _cISSUE
980 _aNB
980 _aRUSPER